000 00535nam a2200181Ia 4500
005 20250326123510.0
008 250326s9999 xx 000 0 und d
037 _aTextbook
040 _aFMSL
_beng
_cFMSL
041 _aeng
_2eng
084 _aX:8obT:3 N5
_qFMSL
100 _aHarshman C
_9735310
245 0 _aTeam training from startup to high performance
_cHarshman C; Phillips S
260 _aNew Delhi
_bNew Delhi, McGraw Hill
_c1995
300 _a315p
942 _cTB
_hX:8obT:3 N5
999 _c1269628
_d1269628